The context and policy requisites of national postsecondary assessment (Record no. 64956)

MARC details
000 -CABECERA
campo de control de longitud fija 00511nam a2200181 a 4500
005 - FECHA Y HORA DE LA ÚLTIMA TRANSACCIÓN
campo de control 20210219152950.0
008 - ELEMENTOS DE LONGITUD FIJA--INFORMACIÓN GENERAL
campo de control de longitud fija 991125n 000 0 u
035 ## - NÚMERO DE CONTROL DEL SISTEMA
Número de control de sistema UPN01000069379
100 1# - ASIENTO PRINCIPAL--NOMBRE PERSONAL
Nombre de persona Lenth, Charles S.
222 ## - TÍTULO CLAVE
Título clave JOURNAL OF GENERAL EDUCATION
245 ## - MENCIÓN DE TÍTULO
Título The context and policy requisites of national postsecondary assessment
300 ## - DESCRIPCIÓN FÍSICA
Extensión 9-32
362 0# - FECHAS DE PUBLICACIÓN Y/O DESIGNACIÓN SECUENCIAL
Fecha de publicación y/o designación secuencial 1993 Vol. 42, no. 1
653 0# - TERMINO DE INDIZACION - NO CONTROLADO
Término no controlado AVALUO EDUCATIVO
653 0# - TERMINO DE INDIZACION - NO CONTROLADO
Término no controlado POLITICA EDUCATIVA
904 ## - ELEMENTOS DE DATOS D LOCAL, LDD (RLIN)
a AC
b 007190
905 ## - TIPO DE MATERIAL
Tipo de material Articulo

No items available.